Dynamo Dresden Kader 2024/25 - Statistiken

Allgemein
  • Dieses Quiz wurde 180 mal gespielt
    175 seit der letzten Aktualisierung
  • Das Durchschnittsergebnis liegt bei 22 aus 30
Antwortstatistiken
Position Trikotnummer Spieler % Korrekt
ST 30 Stefan Kutschke
97%
TW 1 Tim Schreiber
97%
ST 33 Christoph Daferner
96%
RA 10 Jakob Lemmer
93%
IV 15 Claudio Kammerknecht
92%
ZM 27 Niklas Hauptmann
90%
TW 37 Daniel Mesenhöler
88%
ZM 5 Vinko Sapina
85%
LA 11 Dominik Kother
82%
ST 21 Robin Meißner
82%
OM/LA 25 Jonas Oehmichen
79%
RV 32 Jonas Sterner
79%
IV 20 Andi Hoti
78%
IV 23 Lars Bünning
78%
IV 29 Lukas Boeder
78%
ZM 24 Tony Menzel
76%
ZM 17 Aljaz Casar
75%
LV 16 Philip Heise
69%
LV 28 Sascha Risch
65%
RV 26 Jan-Hendrik Marx
63%
IV 4 Dennis Duah
60%
IV 39 David Kubatta
58%
TW 31 Phillip Böhm
58%
OM 7 Oliver Batista Meier
57%
RV/IV 14 Paul Lehmann
57%
LV 2 Kyu-Hyun Park
56%
ZM 6 Tom Berger
54%
ST 34 Dmytro Bohdanov
51%
RA 38 Jakob Zickler
46%
OM 22 Mika Baur
42%
Keine übereinstimmenden Quizze gefunden
Verteilung der Resultate
Anzahl Personen mit jedem Resultat
Perzentil nach korrekt beantworteten Fragen
Ihre Resultats-Entwicklung
Sie haben dieses Quiz seit der letzten Aktualisierung nicht gespielt